[Event "chess.com SpeedChess 2024"]
[Site "chess.com INT"]
[Date "2024.08.08"]
[Round "2.8"]
[Board "8"]
[White "Erigaisi, Arjun"]
[Black "Carlsen, Magnus"]
[Result "1-0"]
[WhiteTitle "GM"]
[BlackTitle "GM"]
[WhiteElo "2778"]
[BlackElo "2832"]
[WhiteFideId "35009192"]
[BlackFideId "1503014"]
[EventDate "2024.07.25"]
[EventType "k.o."]

1. d4 Nf6 2. c4 e6 3. Bg5 h6 4. Bh4 Be7 5. Nc3 d5 6. e3 dxc4 7. Bxc4 c5 8. Nf3
cxd4 9. Nxd4 Bd7 10. O-O O-O 11. Qb3 Nc6 12. Nxc6 Bxc6 13. Rfd1 Qa5 14. Bb5 Bxb5
15. Nxb5 Rfd8 16. h3 Rac8 17. Nd4 Qd5 18. Qxd5 Rxd5 19. Rac1 Rcd8 20. Rf1 g5 21.
Bg3 Ne4 22. Rc7 Nxg3 23. fxg3 R8d7 24. Rxd7 Rxd7 25. Nf3 Bc5 26. Kf2 Rd3 27. Re1
f6 28. Re2 Kf7 29. Ne1 Rd1 30. Nf3 Bb6 31. Rd2 Rb1 32. g4 Ke7 33. Rc2 a5 34. Nd2
Ra1 35. Nc4 Bc7 36. a3 a4 37. Nd2 Be5 38. Nf3 Bd6 39. Nd4 Kd7 40. Rd2 Be5 41.
Nf3+ Ke7 42. Nxe5 fxe5 43. Rc2 b5 44. Kf3 Kd6 45. Ke4 Rd1 46. Rf2 Rd5 47. Rf8
Ke7 48. Rh8 b4 49. axb4 Rb5 50. Rxh6 Rxb4+ 51. Kxe5 Rb5+ 52. Kd4 Rxb2 53. Rh7+
Kf6 54. Ra7 Rxg2 55. Rxa4 Rd2+ 56. Ke4 Rh2 57. Ra8 Rxh3 58. Rf8+ Kg7 59. Rf3 Rh4
60. Ke5 Rxg4 61. Kxe6 Kg6 62. Ke5 Ra4 63. e4 g4 64. Rf8 Kg5 65. Rg8+ Kh6 66.
Rxg4 Ra5+ 67. Kf6 Ra6+ 68. Kf5 Ra1 69. e5 Rf1+ 70. Ke6 Ra1 71. Kf6 Rf1+ 72. Ke7
Ra1 73. e6 1-0

[Event "chess.com SpeedChess 2024"]
[Site "chess.com INT"]
[Date "2024.08.08"]
[Round "2.9"]
[Board "9"]
[White "Carlsen, Magnus"]
[Black "Erigaisi, Arjun"]
[Result "1-0"]
[WhiteTitle "GM"]
[BlackTitle "GM"]
[WhiteElo "2832"]
[BlackElo "2778"]
[WhiteFideId "1503014"]
[BlackFideId "35009192"]
[EventDate "2024.07.25"]
[EventType "k.o."]

1. e4 e6 2. d4 d5 3. Nc3 Nf6 4. Bd3 c5 5. Nf3 cxd4 6. Nxd4 Nc6 7. Nxc6 bxc6 8.
O-O Be7 9. b3 O-O 10. Bb2 a5 11. Qe2 Nd7 12. Na4 Re8 13. Rad1 Qc7 14. c4 Bb7 15.
f4 dxe4 16. Bxe4 Rad8 17. Rd3 f5 18. Bf3 Bf6 19. Bxf6 Nxf6 20. Rxd8 Qxd8 21. Rd1
Qe7 22. Qe5 Qa3 23. Nc5 Ba8 24. h3 Qxa2 25. Rd6 a4 26. Rxe6 Rf8 27. bxa4 Qxc4
28. Re7 h6 29. Kh2 Kh7 30. Ne6 Rg8 31. Qxf6 1-0

[Event "chess.com SpeedChess 2024"]
[Site "chess.com INT"]
[Date "2024.08.08"]
[Round "2.10"]
[Board "10"]
[White "Erigaisi, Arjun"]
[Black "Carlsen, Magnus"]
[Result "0-1"]
[WhiteTitle "GM"]
[BlackTitle "GM"]
[WhiteElo "2778"]
[BlackElo "2832"]
[WhiteFideId "35009192"]
[BlackFideId "1503014"]
[EventDate "2024.07.25"]
[EventType "k.o."]

1. d4 d5 2. Nf3 Nf6 3. Bf4 Bf5 4. e3 e6 5. Bd3 Bd6 6. Nc3 Nc6 7. Ne5 Ne7 8. g4
Bxd3 9. Qxd3 Nd7 10. Bg3 Bxe5 11. dxe5 h5 12. gxh5 Rxh5 13. e4 c6 14. O-O-O a6
15. f4 g6 16. Kb1 Qa5 17. exd5 Nc5 18. Qd4 Nf5 19. b4 Nxd4 20. bxa5 Nb5 21. Nxb5
axb5 22. dxc6 bxc6 23. Rd6 Ne4 24. Rd3 Nxg3 25. Rxg3 Rxa5 26. Rc3 Ra4 27. Rxc6
Rxf4 28. Rc5 b4 29. Rd1 Kf8 30. Rd7 Rxh2 31. Rc8+ Kg7 32. Rdd8 Re2 33. Rg8+ Kh6
34. Rh8+ Kg5 35. Rc5 Kg4 36. Kb2 g5 37. a3 bxa3+ 38. Kxa3 Ree4 39. Kb3 Kg3 40.
c4 g4 41. Kb4 Kf2 42. Rh2+ Kf3 43. Kb5 g3 44. Ra2 g2 0-1

[Event "chess.com SpeedChess 2024"]
[Site "chess.com INT"]
[Date "2024.08.08"]
[Round "2.11"]
[Board "11"]
[White "Carlsen, Magnus"]
[Black "Erigaisi, Arjun"]
[Result "0-1"]
[WhiteTitle "GM"]
[BlackTitle "GM"]
[WhiteElo "2832"]
[BlackElo "2778"]
[WhiteFideId "1503014"]
[BlackFideId "35009192"]
[EventDate "2024.07.25"]
[EventType "k.o."]

1. d4 d5 2. Bf4 Nf6 3. e3 e6 4. Nf3 c5 5. Nbd2 Nc6 6. h4 Qb6 7. dxc5 Qxb2 8. Rb1
Qa3 9. Bb5 Bxc5 10. h5 h6 11. Ne5 Bd7 12. Nxd7 Nxd7 13. c4 Nf6 14. Be5 Be7 15.
cxd5 exd5 16. Qa4 Qxa4 17. Bxa4 O-O-O 18. Bxc6 bxc6 19. Ke2 Bd6 20. Bxf6 gxf6
21. Nf3 Kc7 22. Nd4 Rb8 23. Rhc1 Rxb1 24. Rxb1 Rg8 25. Kf3 Rc8 26. Kg4 a6 27.
Kf5 c5 28. Ne2 Rg8 29. g3 Be7 30. f4 Kc6 31. Rc1 Rb8 32. e4 Rb2 33. exd5+ Kxd5
34. Nc3+ Kd4 35. Ne4 c4 36. Rd1+ Ke3 37. Re1+ Kf3 38. Nd2+ Rxd2 39. Rxe7 Rd5+
40. Kxf6 Rc5 41. Re1 Kxg3 42. f5 c3 43. Kxf7 c2 44. Rc1 Rxf5+ 45. Kg6 Rc5 46.
Kxh6 Kg4 47. Kg6 Rc6+ 48. Kf7 Kxh5 49. Ke7 Kg4 50. Kd7 Rc3 51. Kd6 Kf3 52. Kd5
Ke3 0-1

[Event "chess.com SpeedChess 2024"]
[Site "chess.com INT"]
[Date "2024.08.08"]
[Round "2.12"]
[Board "12"]
[White "Erigaisi, Arjun"]
[Black "Carlsen, Magnus"]
[Result "0-1"]
[WhiteTitle "GM"]
[BlackTitle "GM"]
[WhiteElo "2778"]
[BlackElo "2832"]
[WhiteFideId "35009192"]
[BlackFideId "1503014"]
[EventDate "2024.07.25"]
[EventType "k.o."]

1. Nf3 Nf6 2. c4 b6 3. b3 g6 4. Bb2 Bg7 5. g3 Bb7 6. Bg2 O-O 7. O-O e6 8. d4 Na6
9. Nc3 Qe7 10. Qc2 d5 11. Rad1 Rfd8 12. a3 dxc4 13. bxc4 c5 14. e3 cxd4 15. exd4
Rac8 16. Qe2 Qc7 17. Ne5 Bxg2 18. Kxg2 Nb8 19. Qf3 a6 20. Rfe1 Nc6 21. Nxc6 Qxc6
22. Qxc6 Rxc6 23. d5 exd5 24. Nxd5 Nxd5 25. Rxd5 Rdc8 26. Bxg7 Kxg7 27. Re7 Rf6
28. Rd4 Rc5 29. Re3 Rfc6 30. Rb3 a5 31. h4 h5 32. Kf3 Rxc4 33. Rxc4 Rxc4 34.
Rxb6 Rc3+ 35. Kf4 Rxa3 36. Ra6 Ra4+ 37. Kf3 Ra2 38. Ke3 a4 39. Kf3 a3 40. Ke3
Kf8 41. Ra7 f6 42. Kf3 g5 43. hxg5 fxg5 44. Ra5 g4+ 45. Kg2 Ke7 46. Kf1 Kd6 47.
Ke1 Kc6 48. Kd1 Kb6 49. Ra8 Kc5 50. Ke1 Kb4 51. Rb8+ Kc3 52. Rc8+ Kd3 53. Rd8+
Ke4 54. Kf1 Rb2 55. Re8+ Kd4 56. Rd8+ Kc3 57. Rc8+ Kd2 58. Rd8+ Kc2 59. Ra8 a2
60. Kg2 Kb1 0-1

[Event "chess.com SpeedChess 2024"]
[Site "chess.com INT"]
[Date "2024.08.08"]
[Round "2.13"]
[Board "13"]
[White "Carlsen, Magnus"]
[Black "Erigaisi, Arjun"]
[Result "1-0"]
[WhiteTitle "GM"]
[BlackTitle "GM"]
[WhiteElo "2832"]
[BlackElo "2778"]
[WhiteFideId "1503014"]
[BlackFideId "35009192"]
[EventDate "2024.07.25"]
[EventType "k.o."]

1. e4 e6 2. Nf3 d5 3. e5 c5 4. c3 Nc6 5. g3 f6 6. exf6 Nxf6 7. d4 Bd6 8. Bg2 O-O
9. O-O Bd7 10. Re1 Rc8 11. Ne5 Qc7 12. Nxd7 Qxd7 13. Be3 cxd4 14. cxd4 e5 15.
dxe5 Bxe5 16. Nc3 d4 17. Ne4 Nxe4 18. Bxe4 Qf7 19. f4 Bf6 20. Bf2 Rfd8 21. Qd3
g6 22. a3 Na5 23. Rac1 Nb3 24. Rxc8 Rxc8 25. f5 Kg7 26. fxg6 hxg6 27. Bxg6 Qxg6
28. Qxb3 b6 29. Qf3 Rc2 30. Re4 Rc5 31. Bxd4 Bxd4+ 32. Rxd4 Qb1+ 33. Rd1 Rc1 34.
Qg4+ Kh7 35. Qh5+ Kg7 36. Qg5+ 1-0

[Event "chess.com SpeedChess 2024"]
[Site "chess.com INT"]
[Date "2024.08.08"]
[Round "2.14"]
[Board "14"]
[White "Erigaisi, Arjun"]
[Black "Carlsen, Magnus"]
[Result "0-1"]
[WhiteTitle "GM"]
[BlackTitle "GM"]
[WhiteElo "2778"]
[BlackElo "2832"]
[WhiteFideId "35009192"]
[BlackFideId "1503014"]
[EventDate "2024.07.25"]
[EventType "k.o."]

1. e4 g6 2. d4 d6 3. Nc3 c6 4. Nf3 Bg7 5. Be3 Nf6 6. Qd2 b5 7. Bd3 O-O 8. Bh6
Bg4 9. e5 dxe5 10. dxe5 Nd5 11. Bxg7 Kxg7 12. h4 h5 13. Ng5 Qc7 14. Nxd5 cxd5
15. Qe3 d4 16. Qg3 Nc6 17. f3 Bd7 18. f4 Nb4 19. O-O Nxd3 20. cxd3 Bf5 21. Rac1
Qb6 22. Qf3 Rac8 23. Ne4 Qb7 24. Nd6 Qxf3 25. Nxf5+ gxf5 26. gxf3 e6 27. Kf2 a5
28. Rg1+ Kh6 29. Ke2 Rg8 30. Rxc8 Rxg1 31. Kf2 Rb1 32. Rc2 a4 33. a3 Rd1 34. Ke2
Rh1 35. Rc5 Rh2+ 36. Kd1 Rxb2 37. Kc1 Rb3 38. Kc2 Kg6 39. Kd2 Rb2+ 40. Kc1 Rf2 0-1

[Event "chess.com SpeedChess 2024"]
[Site "chess.com INT"]
[Date "2024.08.08"]
[Round "2.15"]
[Board "15"]
[White "Carlsen, Magnus"]
[Black "Erigaisi, Arjun"]
[Result "1/2-1/2"]
[WhiteTitle "GM"]
[BlackTitle "GM"]
[WhiteElo "2832"]
[BlackElo "2778"]
[WhiteFideId "1503014"]
[BlackFideId "35009192"]
[EventDate "2024.07.25"]
[EventType "k.o."]

1. Nf3 Nf6 2. b3 d6 3. Bb2 e5 4. c4 Be7 5. Nc3 O-O 6. g3 c5 7. Bg2 Nc6 8. O-O h6
9. Ne1 Be6 10. Nd5 Qd7 11. Nc2 Bh3 12. Nce3 Bxg2 13. Kxg2 Nxd5 14. Nxd5 f5 15.
f4 Bf6 16. e3 Rf7 17. Bc3 Raf8 18. Qh5 Kh7 19. Rae1 g6 20. Nxf6+ Rxf6 21. Qf3 e4
22. Qd1 Re6 23. d3 Rfe8 24. d4 cxd4 25. Bxd4 d5 26. c5 Nb4 27. Re2 Nd3 28. a3
Rg8 29. b4 g5 30. Rd2 gxf4 31. Rxd3 exd3 32. Rxf4 Re4 33. Rf3 f4 34. Qxd3 fxe3
35. Bxe3 Qe6 36. Bf2 Rg7 37. b5 Rf7 38. Rxf7+ Qxf7 39. c6 bxc6 40. bxc6 Qe6 41.
c7 Kg8 42. Qb5 Rc4 43. Qb8+ Kf7 44. Qxa7 Qc8 45. Bb6 Ke6 46. Qa5 Qd7 47. Qe1+
Kf7 48. Qf2+ Kg6 49. Qe2 Qc6 50. Qd3+ Kg7 51. Bd4+ Kg8 52. Be5 d4+ 53. Kh3 Qe6+
54. Kh4 Rc3 55. Qe4 Rc4 56. Qa8+ Kf7 57. Qd8 d3+ 58. Bf4 Qf6+ 59. Kg4 Qe6+ 60.
Kh4 Qe7+ 61. Kg4 Rxc7 62. Qxd3 Qe6+ 63. Qf5+ Qxf5+ 64. Kxf5 Rc5+ 65. Ke4 Rc2 66.
h4 h5 67. Bd6 Ke6 68. Bb4 Rf2 69. Kd4 Rf3 70. Kc5 Rxg3 71. a4 Kd7 72. a5 Rg4 73.
a6 Kc7 74. Ba5+ Kb8 75. Bd8 Ka7 76. Bg5 Kxa6 77. Kd5 Kb7 78. Ke6 Kc8 79. Kf7 Kd7
80. Kg6 Ke6 81. Kxh5 Kf5 82. Kh6 Rc4 83. Kg7 Rc6 84. Kf7 Rc7+ 85. Kf8 Ke6 86.
Kg8 Rd7 87. Kf8 Rc7 88. Kg8 Rf7 89. Bd8 Rb7 90. Bg5 Ra7 91. Kf8 Rb7 92. Kg8 Kf5
93. Kf8 Kg6 94. Ke8 Rf7 95. Kd8 Rf5 96. Ke7 Rxg5 97. hxg5 Kxg5 1/2-1/2

[Event "chess.com SpeedChess 2024"]
[Site "chess.com INT"]
[Date "2024.08.08"]
[Round "2.16"]
[Board "16"]
[White "Erigaisi, Arjun"]
[Black "Carlsen, Magnus"]
[Result "1-0"]
[WhiteTitle "GM"]
[BlackTitle "GM"]
[WhiteElo "2778"]
[BlackElo "2832"]
[WhiteFideId "35009192"]
[BlackFideId "1503014"]
[EventDate "2024.07.25"]
[EventType "k.o."]

1. c4 b6 2. Nf3 Bb7 3. g3 g6 4. Bg2 Bg7 5. O-O c5 6. Nc3 Nc6 7. e3 Nf6 8. d4
cxd4 9. exd4 d5 10. cxd5 Nxd5 11. Nxd5 Qxd5 12. Ne5 Qxg2+ 13. Kxg2 Nxd4+ 14. f3
Bxe5 15. Be3 Nf5 16. Qa4+ Kf8 17. Bf4 Bxb2 18. Rad1 Kg7 19. Rd7 Bc8 20. Rc7 Bf6
21. Re1 Be6 22. Be5 Bxe5 23. Rxe5 Rhc8 24. Rxc8 Rxc8 25. g4 Rc4 26. Qxa7 Rc2+
27. Kg1 Nd4 28. Re3 Bd5 29. Qxe7 Nxf3+ 30. Rxf3 Bxf3 31. g5 Bh5 32. a4 Rc4 33.
Qe5+ Kg8 34. Qb5 Rg4+ 35. Kf2 h6 36. gxh6 Kh7 37. h3 Rf4+ 38. Kg3 Rf3+ 39. Kg2
Rf4 40. Qe5 1-0

[Event "chess.com SpeedChess 2024"]
[Site "chess.com INT"]
[Date "2024.08.08"]
[Round "2.17"]
[Board "17"]
[White "Carlsen, Magnus"]
[Black "Erigaisi, Arjun"]
[Result "0-1"]
[WhiteTitle "GM"]
[BlackTitle "GM"]
[WhiteElo "2832"]
[BlackElo "2778"]
[WhiteFideId "1503014"]
[BlackFideId "35009192"]
[EventDate "2024.07.25"]
[EventType "k.o."]

1. d4 e6 2. e4 d5 3. e5 c5 4. c3 Nc6 5. Nf3 Bd7 6. Be2 Nge7 7. Na3 Ng6 8. O-O f6
9. exf6 Qxf6 10. Nc2 cxd4 11. Ncxd4 Bd6 12. Nb5 Bb8 13. c4 O-O 14. cxd5 exd5 15.
Qxd5+ Be6 16. Qg5 Qf7 17. Qh5 Nf4 18. Qxf7+ Bxf7 19. Bxf4 Bxf4 20. Rfe1 Rad8 21.
g3 Bb8 22. a3 Bd5 23. Nfd4 Nxd4 24. Nxd4 Be5 25. Rad1 Bf7 26. Nb5 Bxb2 27. Nxa7
Bxa3 28. Rb1 Bc5 29. Nb5 Ba2 30. Rb2 Bxf2+ 31. Kg2 Bd5+ 0-1

[Event "chess.com SpeedChess 2024"]
[Site "chess.com INT"]
[Date "2024.08.08"]
[Round "2.18"]
[Board "18"]
[White "Erigaisi, Arjun"]
[Black "Carlsen, Magnus"]
[Result "0-1"]
[WhiteTitle "GM"]
[BlackTitle "GM"]
[WhiteElo "2778"]
[BlackElo "2832"]
[WhiteFideId "35009192"]
[BlackFideId "1503014"]
[EventDate "2024.07.25"]
[EventType "k.o."]

1. Nf3 Nf6 2. b3 g6 3. Bb2 Bg7 4. g3 b6 5. Bg2 Bb7 6. O-O O-O 7. c4 e6 8. d4 Na6
9. Nbd2 d5 10. Rc1 Qe7 11. Qc2 Rfd8 12. Rfd1 c5 13. dxc5 Nxc5 14. b4 Nce4 15. a3
Rac8 16. Nxe4 Nxe4 17. Bxg7 Kxg7 18. Nd2 Nf6 19. Qb2 dxc4 20. Bxb7 Qxb7 21. b5
Qd5 22. a4 e5 23. Qa1 c3 24. Nf3 Qe4 25. Rxd8 Rxd8 26. Qxc3 Qxe2 27. Nxe5 Ne4
28. Qf3 Qxf3 29. Nxf3 Nc5 30. a5 Rd5 31. a6 Ne6 32. Rc8 Rxb5 33. Ra8 Ra5 34.
Rxa7 Kf6 35. h4 h6 36. Nd2 b5 37. Ne4+ Ke5 38. Nd2 Nc5 39. Re7+ Kd6 40. Rxf7
Rxa6 41. h5 g5 42. f4 g4 43. Rg7 Kd5 44. Rxg4 b4 45. f5 Ra2 46. Nf1 b3 47. Rb4
b2 48. Ne3+ Kc6 49. Nd1 Ra1 50. Rxb2 Rxd1+ 51. Kg2 Ne4 52. Re2 Kd5 53. Ra2 Ke5
54. Ra6 Rd6 55. Rxd6 Nxd6 56. g4 Kf4 57. Kh3 Ne4 58. Kh4 Nf6 59. Kh3 Nxg4 60.
Kh4 Nf6 0-1

[Event "chess.com SpeedChess 2024"]
[Site "chess.com INT"]
[Date "2024.08.08"]
[Round "2.19"]
[Board "19"]
[White "Carlsen, Magnus"]
[Black "Erigaisi, Arjun"]
[Result "1-0"]
[WhiteTitle "GM"]
[BlackTitle "GM"]
[WhiteElo "2832"]
[BlackElo "2778"]
[WhiteFideId "1503014"]
[BlackFideId "35009192"]
[EventDate "2024.07.25"]
[EventType "k.o."]

1. e4 e6 2. Nf3 d5 3. e5 c5 4. c3 Nc6 5. g3 f6 6. exf6 Nxf6 7. Bg2 Bd6 8. O-O
O-O 9. d4 Bd7 10. Re1 Qc7 11. Be3 cxd4 12. cxd4 Ng4 13. Nc3 Nxe3 14. Rxe3 a6 15.
Ng5 Rf6 16. Bxd5 exd5 17. Nxd5 Qd8 18. Nxf6+ Qxf6 19. Qb3+ Kh8 20. Nf7+ Kg8 21.
Ng5+ Kh8 22. Nf7+ Kg8 23. Nxd6+ Kh8 24. Nf7+ Kg8 25. Ne5+ Be6 26. Qxb7 Rf8 27.
Rf3 1-0

[Event "chess.com SpeedChess 2024"]
[Site "chess.com INT"]
[Date "2024.08.08"]
[Round "2.20"]
[Board "20"]
[White "Erigaisi, Arjun"]
[Black "Carlsen, Magnus"]
[Result "1-0"]
[WhiteTitle "GM"]
[BlackTitle "GM"]
[WhiteElo "2778"]
[BlackElo "2832"]
[WhiteFideId "35009192"]
[BlackFideId "1503014"]
[EventDate "2024.07.25"]
[EventType "k.o."]

1. e4 c5 2. Nf3 e6 3. Nc3 a6 4. g3 b5 5. Bg2 Bb7 6. d3 d6 7. O-O Be7 8. Re1 Nd7
9. a4 b4 10. Ne2 Ngf6 11. c3 bxc3 12. bxc3 c4 13. dxc4 Bxe4 14. Ned4 Nc5 15. Nd2
Bxg2 16. Kxg2 Rc8 17. Ba3 O-O 18. Bxc5 Rxc5 19. Qf3 Qc8 20. Rab1 d5 21. cxd5
Rxc3 22. Nc6 Rxf3 23. Nxe7+ Kh8 24. Nxc8 Rd3 25. dxe6 fxe6 26. Nf3 Rxc8 27. Rxe6
a5 28. Rb7 h6 29. Ree7 Rg8 30. Ne5 Rd4 31. Rf7 Ne4 32. Ng6+ Kh7 33. Nf8+ Kh8 34.
Ne6 Rxa4 35. Ra7 Ng5 36. Nxg5 hxg5 37. Rf5 Ra2 38. Raxa5 g6 39. Rxg5 1-0

[Event "chess.com SpeedChess 2024"]
[Site "chess.com INT"]
[Date "2024.08.08"]
[Round "2.21"]
[Board "21"]
[White "Carlsen, Magnus"]
[Black "Erigaisi, Arjun"]
[Result "0-1"]
[WhiteTitle "GM"]
[BlackTitle "GM"]
[WhiteElo "2832"]
[BlackElo "2778"]
[WhiteFideId "1503014"]
[BlackFideId "35009192"]
[EventDate "2024.07.25"]
[EventType "k.o."]

1. d4 Nf6 2. c4 e6 3. Nf3 d5 4. e3 Be7 5. b3 O-O 6. Bb2 b6 7. Nc3 Bb7 8. cxd5
Nxd5 9. Nxd5 Qxd5 10. Bc4 Qa5+ 11. Ke2 Nd7 12. a3 Rfd8 13. Qc2 Qh5 14. h3 c5 15.
g4 Qh6 16. Rad1 cxd4 17. Bxd4 Bxa3 18. h4 Rac8 19. Qa2 Bc5 20. Ba1 a5 21. h5 Be7
22. Qa4 Bc6 23. Qa2 Bf6 24. Rhg1 Bxa1 25. Qxa1 b5 26. Bd3 Bxf3+ 27. Kxf3 Qg5 28.
Kg3 Nf6 29. Kh3 h6 30. f4 Qc5 31. g5 Nxh5 32. Qe5 Qxe5 33. fxe5 hxg5 34. Rxg5 g6
35. Bxg6 fxg6 36. Rdg1 Kf7 37. Rxg6 Rh8 38. R6g5 Rcg8 39. Rf1+ Ke7 40. Kg4 Rxg5+
41. Kxg5 Ng3 42. Rc1 Ne4+ 43. Kf4 Rh4+ 44. Kf3 Nd2+ 45. Ke2 Nxb3 46. Rc7+ Kd8
47. Rg7 a4 0-1